000
00269nam a2200109Ia 4500
008
200302s9999 xx 000 0 und d
100
_a
Gyula Sebestyen
245
_a
New Architecture and Technology
260
_b
Architectural Press
260
_c
2003
300
_a
168 P.,
999
_c
2652
_d
2652